Every Class 2 South Dakota Senator - Statistics

General Stats
  • This quiz has been taken 13 times
  • The average score is 7 of 12
Answer Stats
Picture Hint Answer % Correct
R(2015-) Mike Rounds
100%
R(1943-1948) Harlan J. Bushfield
67%
D(1973-1979) James Abourezk
67%
R(1948-1973) Karl E. Mundt
67%
R(1979-1997) Larry Pressler
67%
SR(1889-1901) Richard F. Pettigrew
67%
D(1997-2015) Tim Johnson
67%
R(1948-1948) Vera C. Bushfield
67%
D(1931-1943) William J. Bulow
67%
R(1901-1913) Robert J. Gamble
33%
R(1913-1925) Thomas Sterling
33%
R(1925-1931) William H. McMaster
33%
No matching quizzes found
Score Distribution
Percent of People with Each Score
Percentile by Number Answered
Your Score History
You have not taken this quiz